00265nam a2200121Ia 45000030006000000080041000060400015000471000016000622450016000782600020000945460012001140050017001260STCL150530s9999 xx 000 0 und d aSTCLcSTCL aHenry James aAwkward age bMacmillanc1930 aEnglish20220125171021.0